| 000 | 00584nam a2200181Ia 4500 | ||
|---|---|---|---|
| 008 | 090123s9999 xx 000 0 und d | ||
| 082 | _b20937 | ||
| 100 | _aपरुळेकर आशा | ||
| 245 | _aबचत मार्गदर्शिका | ||
| 250 | _a1 | ||
| 260 |
_bउन्मेष प्रकाशन _c1992 |
||
| 300 | _a88 | ||
| 600 | _aपरुळेकर आशा | ||
| 630 | _aबचत मार्गदर्शिका | ||
| 700 | _aपरुळेकर आशा | ||
| 730 | _aबचत मार्गदर्शिका | ||
| 942 | _cBOOK | ||
| 999 |
_c59009 _d59009 |
||